Thiết kế các mạng chuyển mạch ATM. t.I /
Đã lưu trong:
| 主要作者: | |
|---|---|
| 格式: | Sách giấy |
| 語言: | Vietnamese |
| 出版: |
H. :
Bưu điện,
2000
|
| 標簽: |
添加標簽
沒有標簽, 成為第一個標記此記錄!
|
| Thư viện lưu trữ: | Thư viện Trường Đại học Đà Lạt |
|---|
| LEADER | 00702nam a2200289 4500 | ||
|---|---|---|---|
| 001 | DLU030022751 | ||
| 003 | ##DLU | ||
| 005 | ##20021230 | ||
| 008 | ##021230t vn z000 vie d | ||
| 040 | # | # | |a DLU |b vie |
| 041 | # | # | |a vie |
| 044 | # | # | |a vn |
| 082 | # | # | |a 621.382 |b NG-V |
| 100 | # | # | |a Nguyễn Thanh Việt |
| 245 | # | # | |a Thiết kế các mạng chuyển mạch ATM. |n t.I / |c Nguyễn Thanh Việt |
| 260 | # | # | |a H. : |b Bưu điện, |c 2000 |
| 300 | # | # | |a 303 tr. ; |c 21 cm |
| 990 | # | # | |a t.I |
| 992 | # | # | |a 42000 |
| 994 | # | # | |a DLU |
| 900 | # | # | |a True |
| 911 | # | # | |a Thái Thị Thanh Thủy |
| 925 | # | # | |a G |
| 926 | # | # | |a A |
| 927 | # | # | |a SH |
| 980 | # | # | |a Thư viện Trường Đại học Đà Lạt |